Statistics for Deadliest Wars by Casualties

Click here to take the quiz!

General Stats

  • This quiz has been taken 70 times
  • The average score is 9 of 20

Answer Stats

DateCasualtiesWar% Correct
1914-191830,000,000-40,000,000World War I
100%
1939-194570,000,000-80,000,000World War II
100%
1955-19755,000,000Vietnam War
87%
1950-19534,500,000Korean War
79%
1861-18651,600,000American Civil War
65%
1803-18155,000,000-7,000,000Napoleonic Wars
63%
1945-19497,000,000-9,000,000Chinese Civil War
55%
1337-14533,000,000Hundred Years' War
53%
264-146 BC1,500,000-1,900,000Punic Wars
52%
1917-19228,000,000-11,000,000Russian Civil War
48%
1850-186420,000,000-30,000,000Taiping Rebellion
40%
1618-16488,000,000Thirty Years' War
35%
1095-12911,000,000-2,000,000Crusades
34%
1937-194520,000,000Second Sino-Japanese War
24%
1910-19201,700,000-2,700,000Mexican Revolution
23%
220-28036,000,000Three Kingdoms War
21%
1998-20035,400,000Second Congo War
18%
755-76313,000,000An Lushan Rebellion
6%
1967-19703,000,000-4,000,000Nigerian Civil War
6%
1862-187710,000,000Dungan Revolt
5%

Score Distribution

Percentile by Number Answered

Percent of People with Each Score

Your Score History

You have not taken this quiz